On thinking statistically / (Record no. 6654)
[ view plain ]
| 000 -LEADER | |
|---|---|
| fixed length control field | 00822nam a2200253 a 4500 |
| 001 - CONTROL NUMBER | |
| control field | 6654 |
| 003 - CONTROL NUMBER IDENTIFIER | |
| rucl marc code | BD-RjUL |
| 005 - DATE AND TIME OF LATEST TRANSACTION | |
| control field | 20211208234304.0 |
| 008 - FIXED-LENGTH DATA ELEMENTS--GENERAL INFORMATION | |
| fixed length control field | 160831r19661963enka b 000 0 eng |
| 035 ## - SYSTEM CONTROL NUMBER | |
| System control number | (BD-RjUL)6695 |
| 040 ## - CATALOGING SOURCE | |
| Original cataloging agency | DLC |
| Transcribing agency | NAlU |
| Modifying agency | Uk |
| -- | DLC |
| -- | BD-RjUL |
| Language of cataloging | eng |
| 041 ## - LANGUAGE CODE | |
| Language code of text/sound track or separate title | eng |
| 082 00 - DEWEY DECIMAL CLASSIFICATION NUMBER | |
| Classification number | 519 |
| Edition number | 23 |
| Author mark and year | BRO 1966 |
| 100 1# - MAIN ENTRY--PERSONAL NAME | |
| Personal name | Brodie, M. B. |
| Fuller form of name | (Morris Bernard) |
| 9 (RLIN) | 20915 |
| 245 10 - TITLE STATEMENT | |
| Title | On thinking statistically / |
| Statement of responsibility, etc. | M.B. Brodie. With a foreword by J.P. Martin-Bates. |
| 260 ## - PUBLICATION, DISTRIBUTION, ETC. (IMPRINT) | |
| Place of publication, distribution, etc. | London : |
| Name of publisher, distributor, etc. | Hutchinson, |
| Date of publication, distribution, etc. | c1963 [Reprinted 1966]. |
| 300 ## - PHYSICAL DESCRIPTION | |
| Pagination | xv, 66 p. : |
| Illustrations | illus. ; |
| Size | 22 cm. |
| 490 0# - SERIES STATEMENT | |
| Series statement | An Administrative Staff College publication |
| 500 ## - GENERAL NOTE | |
| General note | Imprint covered by label: New York, Hillary House. |
| 504 ## - BIBLIOGRAPHY, ETC. NOTE | |
| Bibliography, etc | Bibliographical footnotes. |
| 650 #0 - SUBJECT ADDED ENTRY--TOPICAL TERM | |
| Topical term or geographic name as entry element | Statistics. |
| 9 (RLIN) | 20916 |
| 942 ## - ADDED ENTRY ELEMENTS (KOHA) | |
| Source of classification or shelving scheme | Dewey Decimal Classification |
| Koha item type | Books |
| Lost status | Source of classification or shelving scheme | Damaged status | Not for loan | Collection code | Permanent Location | Current Location | Shelving location | Date acquired | Source of acquisition | Cost, normal purchase price | Total Checkouts | Full call number | Date last seen | Copy number | Koha item type |
|---|---|---|---|---|---|---|---|---|---|---|---|---|---|---|---|
| Dewey Decimal Classification | Non-fiction | Central Library, University of Rajshahi | Central Library, University of Rajshahi | 24/05/1967 | Pakistan books center | 9.37 | 519 BRO 1966 | 11/01/2014 | C-2 | Books | |||||
| Dewey Decimal Classification | Non-fiction | Central Library, University of Rajshahi | Central Library, University of Rajshahi | 24/05/1967 | Paragon Enterprises Dhaka | 9.37 | 519 BRO 1966 | 05/09/2016 | C-3 | Books |